000 00512nam a2200193 a 4500
001 1769943200946
003 YourLibrary
005 20260201164118.0
008 260201s2008##################000#0#eng##
020 _a9780131858114
082 0 4 _a302.35
_bTHO
100 1 _aThompson, Leigh L.,
_eauthor.
245 1 0 _aOrganizational Behavior Today :
260 _bPrentice Hall,
_c2008.
300 _a340 pages
650 0 _aBusiness & Economics.
942 _cENGLISH
040 _aYourLibrary
_beng
_cYourLibrary
999 _c609899
_d609899